| 000 | 00668nam a22002297a 4500 | ||
|---|---|---|---|
| 999 |
_c13963 _d13963 |
||
| 003 | AR-CdUCM | ||
| 008 | 190417b ||||| |||| 00| 0 spa d | ||
| 040 |
_aMUNICIPALIDAD PROVINCIAL DEL CUSCO _cBIBLIOTECA MUNICIPAL DEL CUSCO |
||
| 082 |
_a783 / _bC24 |
||
| 245 | _aLos campesinos / | ||
| 260 | _aCusco : | ||
| 300 |
_a319 paginas ; _c20 cm. |
||
| 500 | _aNota : Falta la pag. 101 y 102. | ||
| 505 | _aContenido : Temas musicales | ||
| 650 |
_aLos campesinos _932603 |
||
| 650 |
_aCanciones _914568 |
||
| 650 |
_aMusica _91443 |
||
| 650 |
_aDuos _932604 |
||
| 700 |
_aEscobar, Gloria (Compiladora) _932605 |
||
| 942 |
_2ddc _cLIBROS |
||
| 945 |
_awnts _d2019-04-17 |
||